ბათუმის შოთა რუსთაველის სახელმწიფო უნივერსიტეტის ბიბლიოთეკა

Whispers of the dead / (ბიბ.ჩანაწერი № 45587)

000 -LEADER
fixed length control field 00554nam a2200205Ia 4500
001 - CONTROL NUMBER
control field 12413
003 - CONTROL NUMBER IDENTIFIER
control field GE_BSU
005 - DATE AND TIME OF LATEST TRANSACTION
control field 20250331101953.0
008 - FIXED-LENGTH DATA ELEMENTS--GENERAL INFORMATION
fixed length control field 181216s2009||||enk|||||||||||||| ||eng||
040 ## - CATALOGING SOURCE
Transcribing agency GE_BSU
041 ## - LANGUAGE CODE
Language code of text/sound track or separate title eng
080 ## - UNIVERSAL DECIMAL CLASSIFICATION NUMBER
Universal Decimal Classification number 821.111-312.4 B-35
100 ## - MAIN ENTRY--PERSONAL NAME
Personal name Beckett, Simon
9 (RLIN) 24717
245 ## - TITLE STATEMENT
Title Whispers of the dead /
Statement of responsibility, etc. Simon Beckett.
264 ## - PRODUCTION, PUBLICATION, DISTRIBUTION, MANUFACTURE, AND COPYRIGHT NOTICE
Place of production, publication, distribution, manufacture GREAT BRITAIN.
Name of producer, publisher, distributor, manufacturer BCA.
Date of production, publication, distribution, manufacture, or copyright notice 2009
300 ## - PHYSICAL DESCRIPTION
Extent 318 p.;
Other physical details 21cm.
653 ## - INDEX TERM--UNCONTROLLED
keyword მხატვრული ლიტერატურა
653 ## - INDEX TERM--UNCONTROLLED
keyword რომანი
942 ## - ADDED ENTRY ELEMENTS (KOHA)
Koha item type წიგნი
Source of classification or shelving scheme
ეგზემპლარები
Withdrawn status Lost status Source of classification or shelving scheme Damaged status Not for loan Permanent Location Current Location Shelving location Date acquired Full call number Barcode Date last seen Copy number Price effective from Koha item type
          ბათუმის შოთა რუსთაველის სახელმწიფო უნივერსიტეტის მთავარი ბიბლიოთეკა ბათუმის შოთა რუსთაველის სახელმწიფო უნივერსიტეტის მთავარი ბიბლიოთეკა წიგნსაცავი 2018-12-17 821.111-312.4 B-35 35870 2018-12-17 35870 2018-12-17 წიგნი